Street Names in Manhattan - Statistics

General Stats
  • This quiz has been taken 62 times
  • The average score is 28 of 383
Answer Stats
Hint Answer % Correct
Marble Hill Broadway
73%
Financial District/Civic Center Wall St
56%
East Harlem Park Av
44%
East Harlem Madison Av
36%
East Village/NoHo Bowery
33%
East Harlem Lexington Av
31%
Washington Heights Amsterdam Av
29%
Battery Park City Chambers St
29%
Lower East Side Delancey St
29%
Financial District/Civic Center Water St
29%
Financial District/Civic Center Broad St
27%
Financial District/Civic Center Fulton St
27%
West Village/Meatpacking Washington St
27%
East Village/NoHo Lafayette St
24%
Upper West Side West End Av
24%
West Village/Meatpacking Bleecker St
22%
West Village/Meatpacking Christopher St
22%
Lower East Side Essex St
22%
Hudson Square/SoHo Grand St
22%
Financial District/Civic Center Rector St
22%
Hudson Square/SoHo Spring St
22%
Lower East Side Allen St
20%
East Village/NoHo Avenue A
20%
Upper West Side Central Park W
20%
East Harlem FDR Dr
20%
TriBeCa Franklin St
20%
West Village/Meatpacking Hudson St
20%
East Village/NoHo Mott St
20%
East Village/NoHo Saint Mark’s Pl
20%
Lower East Side South St
20%
Financial District/Civic Center Stone St
20%
Financial District/Civic Center Whitehall St
20%
Upper East Side York Av
20%
East Village/NoHo Astor Pl
18%
East Village/NoHo Avenue B
18%
Midtown/Chelsea Avenue C
18%
East Village/NoHo Avenue D
18%
Upper West Side Columbus Av
18%
Upper East Side East End Av
18%
East Village/NoHo Elizabeth St
18%
Financial District/Civic Center Park Pl
18%
Hudson Square/SoHo Prince St
18%
Inwood Riverside Dr
18%
West Village/Meatpacking West St
18%
Financial District/Civic Center Cortlandt St
16%
Inwood Cumming St
16%
Inwood Dyckman St
16%
Battery Park City Liberty St
16%
Financial District/Civic Center Pearl St
16%
Inwood Seaman Av
16%
Financial District/Civic Center William St
16%
Financial District/Civic Center Cedar St
13%
Harlem Central Park N
13%
Midtown/Chelsea Central Park S
13%
TriBeCa Church St
13%
TriBeCa Duane St
13%
West Village/Meatpacking Gay St
13%
Financial District/Civic Center John St
13%
Financial District/Civic Center Pine St
13%
TriBeCa Reade St
13%
Washington Heights Saint Nicholas Av
13%
Battery Park City Vesey St
13%
Hudson Square/SoHo W Broadway
13%
TriBeCa Worth St
13%
Battery Park City Albany St
11%
Financial District/Civic Center Ann St
11%
Battery Park City Battery Pl
11%
Hudson Square/SoHo Broome St
11%
Little Italy/NoLita Centre St
11%
Chinatown/Two Bridges Doyers St
11%
Lower East Side E Broadway
11%
Lower East Side Eldridge St
11%
Financial District/Civic Center Front St
11%
Financial District/Civic Center Gold St
11%
West Village/Meatpacking Greenwich St
11%
Hudson Square/SoHo King St
11%
Greenwich Village MacDougal St
11%
Financial District/Civic Center Maiden Ln
11%
Greenwich Village Mercer St
11%
East Village/NoHo Mulberry St
11%
Battery Park City Murray St
11%
Financial District/Civic Center Old Slip
11%
Lower East Side Pike St
11%
Financial District/Civic Center State St
11%
Midtown/Chelsea Sutton Pl
11%
Financial District/Civic Center Thames St
11%
Midtown/Chelsea Union Square W
11%
Greenwich Village Washington Square N
11%
Greenwich Village Washington Square W
11%
West Village/Meatpacking W Houston St
11%
Washington Heights Audubon Av
9%
Financial District/Civic Center Barclay St
9%
Financial District/Civic Center Bowling Green
9%
Financial District/Civic Center Carlisle St
9%
West Village/Meatpacking Charles St
9%
Lower East Side Cherry St
9%
Upper West Side Columbus Circle
9%
West Village/Meatpacking Commerce St
9%
Harlem Convent Av
9%
West Village/Meatpacking Cornelia St
9%
Financial District/Civic Center Dey St
9%
East Village/NoHo E Houston St
9%
Washington Heights Fort Washington Av
9%
East Village/NoHo Great Jones St
9%
West Village/Meatpacking Greenwich Av
9%
Washington Heights Harlem River Dr
9%
TriBeCa Harrison St
9%
Lower East Side Henry St
9%
Little Italy/NoLita Hester St
9%
Lower East Side Jackson St
9%
West Village/Meatpacking Jane St
9%
Little Italy/NoLita Kenmare St
9%
Greenwich Village LaGuardia Pl
9%
Harlem Manhattan Av
9%
Financial District/Civic Center Nassau St
9%
Battery Park City North End Av
9%
Lower East Side Orchard St
9%
Chinatown/Two Bridges Pell St
9%
West Village/Meatpacking Perry St
9%
Lower East Side Rivington St
9%
Chinatown/Two Bridges Saint James Pl
9%
Lower East Side Stanton St
9%
East Village/NoHo Stuyvesant St
9%
TriBeCa Thomas St
9%
Midtown/Chelsea Union Square E
9%
Hudson Square/SoHo Varick St
9%
Battery Park City Warren St
9%
Greenwich Village Washington Square E
9%
Greenwich Village Washington Square S
9%
West Village/Meatpacking Waverly Pl
9%
TriBeCa White St
9%
Greenwich Village Wooster St
9%
TriBeCa York St
9%
Inwood Academy St
7%
West Village/Meatpacking Bank St
7%
West Village/Meatpacking Barrow St
7%
Little Italy/NoLita Baxter St
7%
West Village/Meatpacking Bethune St
7%
Financial District/Civic Center Bridge St
7%
Washington Heights Cabrini Blvd
7%
Lower East Side Christie St
7%
West Village/Meatpacking Clarkson St
7%
Central Park (Inside) East Dr
7%
Washington Heights Edgecombe Av
7%
West Village/Meatpacking Gansevoort St
7%
Midtown/Chelsea Gramercy Park E
7%
Midtown/Chelsea Gramercy Park W
7%
Greenwich Village Greene St
7%
West Village/Meatpacking Grove St
7%
Chinatown/Two Bridges James St
7%
West Village/Meatpacking Jones St
7%
West Village/Meatpacking Leroy St
7%
TriBeCa Lispenard St
7%
Battery Park City Little West St
7%
Lower East Side Ludlow St
7%
Lower East Side Madison St
7%
Greenwich Village Minetta Ln
7%
West Village/Meatpacking Morton St
7%
Lower East Side Norfolk St
7%
Chinatown/Two Bridges Oliver St
7%
Financial District/Civic Center Park Row
7%
East Harlem Pleasant Av
7%
Battery Park City Rector Pl
7%
Battery Park City South End Av
7%
Financial District/Civic Center Spruce St
7%
Lower East Side Suffolk St
7%
Greenwich Village Sullivan St
7%
Greenwich Village Thompson St
7%
Financial District/Civic Center Trinity Pl
7%
Midtown/Chelsea Vanderbilt Av
7%
TriBeCa Vestry St
7%
TriBeCa Walker St
7%
West Village/Meatpacking Washington Pl
7%
Central Park (Inside) West Dr
7%
Battery Park City W Thames St
7%
Lower East Side Attorney St
4%
TriBeCa Beach St
4%
Inwood Beak St
4%
West Village/Meatpacking Bedford St
4%
Financial District/Civic Center Beekman St
4%
Washington Heights Bennett Av
4%
East Village/NoHo Bond St
4%
Financial District/Civic Center Catherine Ln
4%
Chinatown/Two Bridges Catherine Slip
4%
Chinatown/Two Bridges Catherine St
4%
Hudson Square/SoHo Charlton St
4%
Morningside Heights Claremont Av
4%
Financial District/Civic Center Cliff St
4%
TriBeCa Collister St
4%
Lower East Side Columbia St
4%
Inwood Cooper St
4%
Chinatown/Two Bridges Cortlandt Alley
4%
East Village/NoHo Crosby St
4%
TriBeCa Desbrosses St
4%
Chinatown/Two Bridges Division St
4%
Hudson Square/SoHo Dominick St
4%
Financial District/Civic Center Dutch St
4%
Midtown/Chelsea Dyer Av
4%
Financial District/Civic Center Edgar St
4%
Financial District/Civic Center Elk St
4%
Financial District/Civic Center Exchange Alley
4%
Financial District/Civic Center Exchange Pl
4%
East Village/NoHo Extra Pl
4%
Washington Heights Fort George Av
4%
Inwood Fort George Hill
4%
Financial District/Civic Center Frankfort St
4%
Washington Heights Frederick Douglass Blvd
4%
Midtown/Chelsea Grand Army Plaza
4%
Inwood Henry Hudson Pkwy
4%
West Village/Meatpacking Horatio St
4%
Hudson Square/SoHo Howard St
4%
TriBeCa Hubert St
4%
Midtown/Chelsea Irving Pl
4%
Lower East Side Jefferson St
4%
Little Italy/NoLita Jersey St
4%
Washington Heights Jumel Terrace
4%
TriBeCa Laight St
4%
Morningside Heights La Salle St
4%
TriBeCa Leonard St
4%
Harlem Marginal St
4%
Greenwich Village Minetta St
4%
Lower East Side Monroe St
4%
Lower East Side Montgomery St
4%
Harlem Morningside Av
4%
Financial District/Civic Center Morris St
4%
Inwood Nagle Av
4%
Financial District/Civic Center New St
4%
TriBeCa N Moore St
4%
Midtown/Chelsea Park Av S
4%
Inwood Park Terrace E
4%
Inwood Park Terrace W
4%
Financial District/Civic Center Peck Slip
4%
Midtown/Chelsea Pennsylvania Plaza
4%
Lower East Side Pike Slip
4%
Lower East Side Pitt St
4%
Hudson Square/SoHo Renwick St
4%
Lower East Side Ridge St
4%
Lower East Side Rutgers St
4%
Harlem Saint Nicholas Pl
4%
TriBeCa Staple St
4%
Financial District/Civic Center Theatre Alley
4%
Midtown/Chelsea United Nations Plaza
4%
Hudson Square/SoHo Vandam St
4%
Greenwich Village Washington Mews
4%
Harlem Adam Clayton Powell Jr Blvd
2%
Financial District/Civic Center Avenue of the Finest
2%
East Village/NoHo Baruch Dr
2%
Lower East Side Baruch Pl
2%
Midtown/Chelsea Beekman Pl
2%
Washington Heights Broadway Terrace
2%
Financial District/Civic Center Cardinal Hayes Pl
2%
West Village/Meatpacking Carmine St
2%
Central Park (Inside) Center Dr
2%
Little Italy/NoLita Centre Market Pl
2%
West Village/Meatpacking Charles Ln
2%
Chinatown/Two Bridges Chatham Square
2%
Little Italy/NoLita Cleveland Pl
2%
Financial District/Civic Center Coenties Alley
2%
East Village/NoHo Cooper Square
2%
Financial District/Civic Center Dover St
2%
West Village/Meatpacking Downing St
2%
Financial District/Civic Center Federal Plaza
2%
Lower East Side Forsyth St
2%
Marble Hill Fort Charles Pl
2%
Upper West Side Freedom Pl
2%
Upper West Side Freedom Pl S
2%
Financial District/Civic Center Gouverneur Ln
2%
Lower East Side Gouverneur St
2%
Harlem Hamilton Pl
2%
Financial District/Civic Center Hanover Square
2%
Washington Heights Haven Av
2%
Midtown/Chelsea High Line
2%
Inwood Isham St
2%
TriBeCa Jay St
2%
Lower East Side Lewis St
2%
Financial District/Civic Center Liberty Pl
2%
Marble Hill Marble Hill Av
2%
Financial District/Civic Center Marketfield St
2%
Chinatown/Two Bridges Market St
2%
Financial District/Civic Center Moore St
2%
Chinatown/Two Bridges Mosco St
2%
Harlem Mount Morris Park W
2%
East Harlem Paladino Av
2%
Inwood Payson Av
2%
Financial District/Civic Center Platt St
2%
Inwood Post Av
2%
Upper West Side Riverside Blvd
2%
Midtown/Chelsea Rutherford Pl
2%
TriBeCa Saint John’s Ln
2%
Harlem Saint Nicholas Terrace
2%
Lower East Side Scammel St
2%
TriBeCa Trimble Pl
2%
Midtown/Chelsea Tudor City Pl
2%
Midtown/Chelsea Tunnel Exit St
2%
Greenwich Village University Pl
2%
Upper West Side Verdi Square
2%
Inwood Vermilyea Av
2%
East Village/NoHo Wanamaker Pl
2%
Hudson Square/SoHo Watts St
2%
West Village/Meatpacking Weehawken St
2%
Lower East Side Willett St
2%
Marble Hill Adrian Av
0%
Inwood Arden St
0%
Chinatown/Two Bridges Benson Pl
0%
Inwood Bogardus Pl
0%
Harlem Bradhurst Av
0%
Central Park (Inside) Bridle Path
0%
Upper East Side Cherokee Pl
0%
Washington Heights Chittenden Av
0%
Lower East Side Clinton St
0%
Financial District/Civic Center Cortlandt Way
0%
Inwood Dongan Pl
0%
Harlem Duke Ellington Circle
0%
Inwood Ellwood St
0%
TriBeCa Ericsson Pl
0%
Washington Heights Fairview Av
0%
Financial District/Civic Center Fletcher St
0%
Inwood Fort Tryon Pl
0%
TriBeCa Franklin Pl
0%
Harlem Frederick Douglass Circle
0%
Lower East Side Freeman Alley
0%
Midtown/Chelsea Galvin Av
0%
Lower East Side Gouverneur Slip
0%
Upper East Side Gracie Square
0%
East Village/NoHo Great Jones Alley
0%
Central Park (Inside) Great Lawn Oval
0%
Harlem Hamilton Terrace
0%
Harlem Hancock Pl
0%
Financial District/Civic Center Hanover St
0%
Inwood Henshaw St
0%
Inwood Hillside Av
0%
Chinatown/Two Bridges Hogan Pl
0%
Midtown/Chelsea Hudson Blvd E
0%
Midtown/Chelsea Hudson Blvd W
0%
Inwood Indian Rd
0%
Marble Hill Jacobus Pl
0%
East Village/NoHo Jones Alley
0%
Washington Heights Jumel Pl
0%
Washington Heights Laurel Hill Terrace
0%
East Village/NoHo Lillian Wald Dr
0%
Upper West Side Lincoln Center Plaza
0%
Greenwich Village MacDougal Alley
0%
Washington Heights Magaw Pl
0%
Harlem Malcolm X Blvd (Lenox Av)
0%
Lower East Side Mangin St
0%
Inwood Margaret Corbin Dr
0%
Chinatown/Two Bridges Market Slip
0%
Chinatown/Two Bridges Mechanics Alley
0%
Financial District/Civic Center Mill Ln
0%
Midtown/Chelsea Mitchell Pl
0%
Morningside Heights Morningside Dr
0%
Midtown/Chelsea Mount Carmel Pl
0%
Midtown/Chelsea Nathan D Perelman Pl
0%
Harlem Old Broadway
0%
Washington Heights Overlook Terrace
0%
Midtown/Chelsea Park Av Tunnel
0%
Midtown/Chelsea Peter Cooper Rd
0%
Washington Heights Pinehurst Av
0%
Financial District/Civic Center Police Plaza Path
0%
Battery Park City River Terrace
0%
Financial District/Civic Center Saint Andrew’s Plaza
0%
Harlem Saint Clair Pl
0%
West Village/Meatpacking Sheridan Square
0%
Inwood Sherman Av
0%
Lower East Side Sherriff St
0%
Inwood Sickles St
0%
Inwood Staff St
0%
Midtown/Chelsea Stuyvesant Circle
0%
Midtown/Chelsea Stuyvesant Walk
0%
Washington Heights Sylvan Terrace
0%
East Village/NoHo Szold Pl
0%
East Village/NoHo Taras Shevchenko Pl
0%
Central Park (Inside) Terrace Dr
0%
Marble Hill Terrace View Av
0%
Marble Hill Teunissen Pl
0%
Inwood Thayer St
0%
Central Park (Inside) The Mall
0%
Morningside Heights Tiemann Pl
0%
Midtown/Chelsea Tunnel Approach St
0%
Marble Hill Van Corlear Pl
0%
Washington Heights Wadsworth Av
0%
Washington Heights Wadsworth Terrace
0%
Midtown/Chelsea Waterside Plaza
0%
No matching quizzes found
Score Distribution
Percent of People with Each Score
Percentile by Number Answered
Your Score History
You have not taken this quiz